[Event "PRO League Group Stage"]
[Site "chess.com INT"]
[Date "2020.02.13"]
[Round "6"]
[White "Blomqvist, Erik"]
[Black "Nasuta, Grzegorz"]
[Result "1-0"]
[WhiteTitle "GM"]
[BlackTitle "GM"]
[WhiteElo "2539"]
[BlackElo "2561"]
[WhiteTeam "Sweden Wasabis"]
[BlackTeam "Poland Hussars"]
[WhiteFideId "1709437"]
[BlackFideId "1141686"]
[EventDate "2020.01.06"]

1. e4 e5 2. Nf3 Nc6 3. Bb5 a6 4. Ba4 Nf6 5. O-O Be7 6. Re1 b5 7. Bb3 d6 8. a4
Bd7 9. c3 O-O 10. d4 h6 11. Nbd2 Re8 12. Nf1 Bf8 13. Ng3 Na5 14. Bc2 c5 15. h3
Qc7 16. axb5 axb5 17. b3 cxd4 18. cxd4 Nc6 19. Bb2 Rxa1 20. Bxa1 g6 21. Qd2 Bg7
22. Bd3 Qb6 23. d5 Na5 24. Rb1 b4 25. Ne1 Rb8 26. Nc2 Be8 27. Nf1 Nd7 28. Nfe3
Nc5 29. Nc4 Nxc4 30. bxc4 b3 31. Na3 Qb4 32. Bc3 Qxa3 33. Ra1 Nxe4 34. Bxe4 Qc5
35. Qe2 f5 36. Bd3 Bf7 37. Rb1 Bxd5 38. g4 Be6 39. gxf5 gxf5 40. Kh2 Kh8 41. Rg1
Qa7 42. Rg6 Qf7 43. Rg1 Bf6 44. f4 e4 45. Qb2 Bxc3 46. Qxc3+ Kh7 47. Be2 b2 48.
Bh5 Qg8 49. Rxg8 Kxg8 50. Qf6 b1=Q 51. Qxe6+ Kg7 52. Qf7+ Kh8 53. Qf6+ Kg8 54.
Bf7+ Kh7 55. Bg6+ Kg8 56. Qf7+ Kh8 57. Qh7# 1-0

[Event "PRO League Group Stage"]
[Site "chess.com INT"]
[Date "2020.02.13"]
[Round "6"]
[White "Amin, Bassem"]
[Black "Gajewski, Grzegorz"]
[Result "1-0"]
[WhiteTitle "GM"]
[BlackTitle "GM"]
[WhiteElo "2673"]
[BlackElo "2614"]
[WhiteTeam "Sweden Wasabis"]
[BlackTeam "Poland Hussars"]
[WhiteFideId "10601457"]
[BlackFideId "1116207"]
[EventDate "2020.01.06"]

1. e4 c5 2. Nf3 e6 3. d3 Nc6 4. g3 Nf6 5. Bg2 d5 6. Nbd2 Be7 7. O-O O-O 8. Re1
b5 9. e5 Nd7 10. Nf1 a5 11. h4 h6 12. N1h2 Qc7 13. Bf4 Ba6 14. Ng4 Rfc8 15. Qd2
Bf8 16. c3 Ne7 17. Nf6+ Kh8 18. h5 Ng8 19. Nxd5 exd5 20. e6 Qb7 21. exd7 Qxd7
22. Ne5 Qb7 23. a4 Nf6 24. axb5 Bxb5 25. c4 Be8 26. Qc3 Rd8 27. Rxa5 Rxa5 28.
Qxa5 Qc8 29. Bh3 Qxh3 30. Qxd8 dxc4 31. dxc4 Qxh5 32. Qa8 Kg8 33. Qf3 Qf5 34.
Ng4 Bd7 35. Nxf6+ Qxf6 36. Qa8 Bc6 37. Qc8 g5 38. Qg4 Bb7 39. Be5 Qc6 40. f3 Qg6
41. Bc3 Bc6 42. Rf1 h5 43. Qc8 g4 44. Qd8 gxf3 45. Kh2 f2 46. Qf6 Qxf6 47. Bxf6
Kh7 48. Rxf2 Kg6 49. Bc3 Bd6 50. Rd2 Bc7 51. Rf2 h4 52. Rf6+ 1-0

[Event "PRO League Group Stage"]
[Site "chess.com INT"]
[Date "2020.02.13"]
[Round "6"]
[White "Hellers, Ferdinand"]
[Black "Heberla, Bartlomiej"]
[Result "1-0"]
[WhiteTitle "GM"]
[BlackTitle "GM"]
[WhiteElo "2592"]
[BlackElo "2564"]
[WhiteTeam "Sweden Wasabis"]
[BlackTeam "Poland Hussars"]
[WhiteFideId "1700022"]
[BlackFideId "1115120"]
[EventDate "2020.01.06"]

1. e4 c5 2. Nf3 e6 3. d4 cxd4 4. Nxd4 Nf6 5. Nc3 d6 6. g4 Nc6 7. g5 Nd7 8. Be3
Be7 9. h4 O-O 10. Qd2 Nde5 11. O-O-O Ng4 12. Nxc6 bxc6 13. Bf4 Qb6 14. f3 Ne5
15. Be3 Qb4 16. f4 Nc4 17. Bxc4 Qxc4 18. h5 d5 19. g6 Rb8 20. gxh7+ Kh8 21. Bd4
e5 22. Bxe5 Rb7 23. h6 f6 24. hxg7+ Kxg7 25. h8=Q+ Rxh8 26. Qg2+ Kf7 27. Rxh8 1-0

[Event "PRO League Group Stage"]
[Site "chess.com INT"]
[Date "2020.02.13"]
[Round "6"]
[White "Nasuta, Grzegorz"]
[Black "Meshkovs, Nikita"]
[Result "1/2-1/2"]
[WhiteTitle "GM"]
[BlackTitle "GM"]
[WhiteElo "2561"]
[BlackElo "2565"]
[WhiteTeam "Poland Hussars"]
[BlackTeam "Sweden Wasabis"]
[WhiteFideId "1141686"]
[BlackFideId "11602740"]
[EventDate "2020.01.06"]

1. e4 c5 2. Nf3 e6 3. d4 cxd4 4. Nxd4 Nc6 5. Nc3 Qc7 6. g3 a6 7. Bg2 Nf6 8. O-O
h5 9. Bg5 Bc5 10. Nxc6 bxc6 11. Qd2 Ng4 12. h3 Ne5 13. b3 h4 14. Be3 Bxe3 15.
Qxe3 Ng6 16. Ne2 hxg3 17. fxg3 Qa7 18. Qxa7 Rxa7 19. Nf4 Ne5 20. Nd3 Nxd3 21.
cxd3 e5 22. d4 exd4 23. Rfd1 Rh5 24. Rxd4 Rc5 25. Rad1 a5 26. h4 Ke7 27. R1d2
Rc3 28. Kf2 a4 29. R4d3 axb3 30. axb3 Rxd3 31. Rxd3 Ra2+ 32. Kf3 d6 33. Rc3 Bd7
34. Bf1 c5 35. e5 Be6 36. exd6+ Kxd6 37. Bc4 Bxc4 38. Rxc4 Kd5 39. Rc3 Rd2 40.
Ke3 Rb2 41. Kf3 Rb1 42. Ke3 g6 43. Kf3 Rd1 44. g4 Rd4 45. Kg3 f6 46. h5 gxh5 47.
gxh5 Ke6 48. Rxc5 Rd3+ 49. Kg4 Rxb3 50. Rc6+ Kf7 51. Rc7+ Kg8 52. Kf5 Rg3 53.
Kxf6 Kh8 54. h6 Rg2 55. Ra7 Rf2+ 56. Kg6 Rg2+ 57. Kf6 Rf2+ 58. Kg6 Rg2+ 59. Kf6 1/2-1/2

[Event "PRO League Group Stage"]
[Site "chess.com INT"]
[Date "2020.02.13"]
[Round "6"]
[White "Kashlinskaya, Alina"]
[Black "Blomqvist, Erik"]
[Result "1/2-1/2"]
[WhiteTitle "IM"]
[BlackTitle "GM"]
[WhiteElo "2484"]
[BlackElo "2539"]
[WhiteTeam "Poland Hussars"]
[BlackTeam "Sweden Wasabis"]
[WhiteFideId "4198026"]
[BlackFideId "1709437"]
[EventDate "2020.01.06"]

1. d4 Nf6 2. c4 e6 3. Nc3 Bb4 4. Qc2 d6 5. e3 c5 6. dxc5 dxc5 7. Bd2 Bd7 8. Nf3
O-O 9. Be2 Bc6 10. O-O-O Nbd7 11. Rhg1 Qe7 12. g4 Rfd8 13. g5 Bxc3 14. Bxc3 Ne4
15. h4 e5 16. Nd2 Nxc3 17. Qxc3 e4 18. h5 Ne5 19. h6 Rd6 20. f4 exf3 21. Nxf3
Rxd1+ 22. Rxd1 Bxf3 23. Bxf3 Qxg5 24. Bxb7 Re8 25. Rd2 Qg1+ 26. Kc2 Qg6+ 27. Kc1
Qg1+ 28. Kc2 Qg6+ 29. Kc1 Qg1+ 1/2-1/2

[Event "PRO League Group Stage"]
[Site "chess.com INT"]
[Date "2020.02.17"]
[Round "7"]
[White "Gupta, Abhijeet"]
[Black "Maghsoodloo, Parham"]
[Result "1/2-1/2"]
[WhiteTitle "GM"]
[BlackTitle "GM"]
[WhiteElo "2603"]
[BlackElo "2674"]
[WhiteTeam "India Yogis"]
[BlackTeam "Armenia Eagles"]
[WhiteFideId "5010608"]
[BlackFideId "12539929"]
[EventDate "2020.01.06"]

1. d4 d5 2. c4 e6 3. Nc3 Bb4 4. a3 Bxc3+ 5. bxc3 b6 6. cxd5 exd5 7. e3 Nf6 8.
Bd3 O-O 9. Ne2 c5 10. O-O Ba6 11. Ng3 Bxd3 12. Qxd3 Nc6 13. f3 h5 14. Bb2 h4 15.
Nf5 h3 16. Rae1 cxd4 17. cxd4 hxg2 18. Kxg2 Ne7 19. Ng3 Rc8 20. Kh1 Qd7 21. e4
Qh3 22. Rg1 dxe4 23. fxe4 Ng4 24. Qd2 Ng6 25. Ref1 Rc4 26. Nf5 Nf6 27. Qg2 Qxg2+
28. Rxg2 Nxe4 29. d5 Kh7 30. d6 f6 31. Rfg1 Rd8 32. h4 Nxd6 33. Rd1 Nxf5 34.
Rxd8 Ngxh4 35. Rh2 Kg6 36. Rd1 b5 37. Rf2 b4 38. axb4 Rxb4 39. Bc3 Rc4 40. Rg1+
Kf7 41. Bd2 g5 42. Be1 Kg6 43. Bd2 Re4 44. Re1 Rd4 45. Rg1 Rd3 46. Ra1 g4 47.
Rxa7 Rh3+ 48. Kg1 g3 49. Rf4 g2 50. Rg4+ Kh5 51. Rxg2 Nxg2 52. Kxg2 Rd3 53. Be1
Ne3+ 54. Kf2 Ng4+ 55. Ke2 Re3+ 56. Kf1 Re5 57. Ra6 f5 58. Ra5 Ne3+ 59. Kg1 Re4
60. Bf2 Kg4 61. Bxe3 Rxe3 62. Kf2 f4 63. Ra8 1/2-1/2

[Event "PRO League Group Stage"]
[Site "chess.com INT"]
[Date "2020.02.17"]
[Round "7"]
[White "Nihal, Sarin"]
[Black "Martirosyan, Haik M."]
[Result "0-1"]
[WhiteTitle "GM"]
[BlackTitle "GM"]
[WhiteElo "2618"]
[BlackElo "2613"]
[WhiteTeam "India Yogis"]
[BlackTeam "Armenia Eagles"]
[WhiteFideId "25092340"]
[BlackFideId "13306553"]
[EventDate "2020.01.06"]

1. Nf3 Nf6 2. c4 e6 3. g3 d5 4. Bg2 Be7 5. O-O O-O 6. b3 a5 7. Nc3 b6 8. cxd5
exd5 9. d4 Bb7 10. Bf4 Nh5 11. Bd2 Nd7 12. Rc1 Nhf6 13. Bf4 Nh5 14. Be3 Nhf6 15.
Ne5 c6 16. Bf4 Nxe5 17. Bxe5 Nd7 18. Bf4 f5 19. h4 Nf6 20. e3 Qd7 21. Na4 Bd8
22. Qc2 Ne4 23. Nb2 c5 24. dxc5 Rc8 25. Nd3 bxc5 26. Rfd1 Bf6 27. Bxe4 fxe4 28.
Nxc5 Qg4 29. Qd2 Bc6 30. Na4 Bb7 31. Rxc8 Rxc8 32. Nb6 Rc3 33. Rc1 d4 34. exd4
Rd3 35. Qc2 h6 36. Qc7 Bxd4 37. Qxb7 Rxg3+ 38. Bxg3 Qxg3+ 39. Kh1 Qf3+ 40. Kh2
Qxf2+ 41. Kh3 Qf3+ 42. Kh2 Be5+ 43. Kg1 Qe3+ 44. Kg2 Qd2+ 45. Kh3 Qh2+ 46. Kg4
Qf4+ 47. Kh5 Qf5# 0-1

[Event "PRO League Group Stage"]
[Site "chess.com INT"]
[Date "2020.02.17"]
[Round "7"]
[White "Sargsyan, Shant"]
[Black "Ganguly, Surya Shekhar"]
[Result "1-0"]
[WhiteTitle "GM"]
[BlackTitle "GM"]
[WhiteElo "2601"]
[BlackElo "2636"]
[WhiteTeam "Armenia Eagles"]
[BlackTeam "India Yogis"]
[WhiteFideId "13306766"]
[BlackFideId "5002150"]
[EventDate "2020.01.06"]

1. d4 Nf6 2. c4 e6 3. Nf3 d5 4. Nc3 Bb4 5. Bg5 h6 6. Bxf6 Qxf6 7. Qa4+ Nc6 8. e3
O-O 9. Be2 dxc4 10. O-O Bxc3 11. bxc3 Bd7 12. Qxc4 Qe7 13. Nd2 Rfd8 14. f4 Rac8
15. Ne4 b6 16. Rac1 Na5 17. Qb4 Kf8 18. Ba6 Rb8 19. Bd3 c5 20. Nxc5 bxc5 21.
Qxa5 Bc6 22. Rb1 Kg8 23. Rxb8 Rxb8 24. Qxc5 Qxc5 25. dxc5 Rd8 26. Rd1 Rd5 27.
Bc2 Kf8 28. Rxd5 Bxd5 29. Bb3 Be4 30. Kf2 Ke7 31. Ba4 f6 32. g3 e5 33. Ke2 a5
34. c4 Kd8 35. Kd2 Kc7 36. Kc3 Bf5 37. Bc2 Be6 38. Be4 Bg4 39. Kb3 Bd1+ 40. Bc2
Be2 41. Ka4 Kc6 42. fxe5 fxe5 43. Kxa5 Kxc5 44. Bb3 Bg4 45. Ka6 Be6 46. a4 Kb4
47. Bd1 Bxc4+ 48. Kb6 Kc3 49. a5 Kd2 50. Ba4 Kxe3 51. Bb5 Bd5 52. a6 Kf2 53. a7
e4 54. Bc6 e3 55. a8=Q Bxc6 56. Qxc6 e2 57. Qc2 Kf1 58. Qf5+ Kg2 59. Qe4+ Kf2
60. Qf4+ Kg2 61. Qe3 1-0

[Event "PRO League Group Stage"]
[Site "chess.com INT"]
[Date "2020.02.17"]
[Round "7"]
[White "Sadhwani, Raunak"]
[Black "Mamedyarov, Shakhriyar"]
[Result "1-0"]
[WhiteTitle "IM"]
[BlackTitle "GM"]
[WhiteElo "2522"]
[BlackElo "2770"]
[WhiteTeam "Armenia Eagles"]
[BlackTeam "India Yogis"]
[WhiteFideId "35093487"]
[BlackFideId "13401319"]
[EventDate "2020.01.06"]

1. e4 c6 2. Nc3 d5 3. Nf3 Bg4 4. h3 Bxf3 5. Qxf3 e6 6. d4 dxe4 7. Nxe4 Qxd4 8.
Bg5 f6 9. Rd1 Qxb2 10. Bc1 Qe5 11. Be2 Nd7 12. O-O O-O-O 13. Bf4 Qa5 14. Qb3 e5
15. Bg4 exf4 16. Rxd7 Rxd7 17. Rd1 f5 18. Qe6 Qd8 19. Bxf5 Qe7 20. Qb3 Qb4 21.
Qf7 Ne7 22. Rxd7 Kb8 23. Qe8+ Nc8 24. Rd8 a6 25. Rxc8+ Ka7 26. Qd8 1-0

[Event "PRO League Group Stage"]
[Site "chess.com INT"]
[Date "2020.02.17"]
[Round "7"]
[White "Kobo, Ori"]
[Black "Chadaev, Nikolai"]
[Result "1/2-1/2"]
[WhiteTitle "GM"]
[BlackTitle "GM"]
[WhiteElo "2445"]
[BlackElo "2591"]
[WhiteTeam "Israel Counsellors"]
[BlackTeam "Russia Wizards"]
[WhiteFideId "2812320"]
[BlackFideId "4167392"]
[EventDate "2020.01.06"]

1. Nf3 d5 2. g3 c6 3. Bg2 Bg4 4. c4 e6 5. O-O Nd7 6. cxd5 cxd5 7. Qb3 Qb6 8.
Qxb6 Nxb6 9. Nc3 Bxf3 10. Bxf3 Nf6 11. d3 Bc5 12. Bf4 a6 13. Rac1 Rc8 14. Rc2
Ke7 15. Rfc1 Bd6 16. Be3 Nfd7 17. a4 Rc6 18. a5 Na8 19. Ba7 Bb8 20. Bxb8 Rxb8
21. d4 f5 22. Na4 Rbc8 23. Rxc6 Rxc6 24. Rxc6 bxc6 25. e3 Nc7 26. b4 e5 27. Be2
Kd6 28. Kf1 exd4 29. exd4 g6 30. Ke1 Nb5 31. Bxb5 axb5 32. Nb2 Nf8 33. Kd2 Ne6
34. Ke3 Kc7 35. Nd3 Kb7 36. Ne5 Kc7 37. h4 Kb7 38. f3 Nc7 39. Nd3 Ne6 40. Ne5
Nc7 41. Nd7 Na6 42. Nc5+ Nxc5 43. dxc5 h5 44. Kd4 Ka6 45. Ke5 Kb7 46. Kd4 Ka6
47. Kd3 Kb7 48. Ke3 Ka6 49. Kd4 Kb7 50. f4 Ka6 51. Kd3 Kb7 52. Kd4 Ka6 53. Kd3
Kb7 54. Kd4 1/2-1/2

[Event "PRO League Group Stage"]
[Site "chess.com INT"]
[Date "2020.02.17"]
[Round "7"]
[White "Steinberg, Nitzan"]
[Black "Savchenko, Boris"]
[Result "1/2-1/2"]
[WhiteTitle "GM"]
[BlackTitle "GM"]
[WhiteElo "2542"]
[BlackElo "2573"]
[WhiteTeam "Israel Counsellors"]
[BlackTeam "Russia Wizards"]
[WhiteFideId "2801795"]
[BlackFideId "4147332"]
[EventDate "2020.01.06"]

1. e4 g6 2. d4 Bg7 3. Nc3 a6 4. Be3 b5 5. Bd3 Bb7 6. Nf3 d6 7. a4 b4 8. Nb1 Nd7
9. a5 c5 10. c3 Ngf6 11. Nbd2 bxc3 12. bxc3 Ng4 13. Bg5 h6 14. Bh4 O-O 15. O-O
Bc6 16. Qe2 Bb7 17. Rfb1 Ra7 18. Nc4 g5 19. Bg3 cxd4 20. cxd4 d5 21. exd5 Bxd5
22. h3 Ngf6 23. Nfe5 e6 24. h4 Bxc4 25. Bxc4 Nxe5 26. dxe5 Nd5 27. hxg5 Nc3 28.
Qe3 Nxb1 29. Qxa7 Qd1+ 30. Bf1 Rc8 31. Qxa6 Rc1 32. Qb5 Nc3 33. Rxc1 Qxc1 34.
Qc4 hxg5 35. a6 Qa1 36. Kh2 Nd5 37. Qc8+ Bf8 38. Qb8 Qxf1 39. a7 Qe2 40. a8=Q
Qh5+ 41. Kg1 Qd1+ 42. Kh2 Qh5+ 43. Bh4 Qxh4+ 44. Kg1 Qh6 45. Qd6 Nf4 46. Qc8
Ne2+ 47. Kf1 Nf4 48. Kg1 Ne2+ 49. Kf1 Nf4 50. Kg1 1/2-1/2

[Event "PRO League Group Stage"]
[Site "chess.com INT"]
[Date "2020.02.17"]
[Round "7"]
[White "Demidov, Mikhail"]
[Black "Erenburg, Sergey"]
[Result "0-1"]
[WhiteTitle "IM"]
[BlackTitle "GM"]
[WhiteElo "2552"]
[BlackElo "2559"]
[WhiteTeam "Russia Wizards"]
[BlackTeam "Israel Counsellors"]
[WhiteFideId "4197143"]
[BlackFideId "2805642"]
[EventDate "2020.01.06"]

1. Nf3 d5 2. g3 Nf6 3. Bg2 c6 4. O-O Bg4 5. h3 Bxf3 6. Bxf3 e6 7. Bg2 Be7 8. d3
O-O 9. e4 a5 10. Qe2 Qb6 11. Nd2 Rd8 12. e5 Nfd7 13. Kh1 Na6 14. f4 Nc7 15. Nf3
Re8 16. c3 f6 17. exf6 Bxf6 18. d4 c5 19. Ne5 Nxe5 20. dxe5 Be7 21. Be3 Rf8 22.
Bg1 a4 23. g4 Qa6 24. Qc2 b5 25. f5 Rad8 26. f6 gxf6 27. exf6 Rxf6 28. Rxf6 Bxf6
29. Bxc5 Qc6 30. Qf2 Bg7 31. Rf1 Qd7 32. Qe3 Re8 33. Qd3 Na6 34. Bd4 Nb8 35.
Bxg7 Kxg7 36. Qd4+ Kg8 37. Qc5 Rc8 38. Qb4 Na6 39. Qf4 Nc5 40. Qd4 Qg7 41. Qe3
Qd7 42. g5 Qg7 43. Rf6 Kh8 44. h4 a3 45. b4 Ne4 46. Bxe4 dxe4 47. Qxe4 Qc7 48.
Rf3 Qc4 49. Qe5+ Kg8 50. Qf6 Qxh4+ 51. Kg2 Qg4+ 52. Kf2 Qh4+ 53. Ke2 Qe4+ 54.
Kf1 Qxf3+ 55. Qxf3 Rf8 56. Kf2 Rxf3+ 57. Kxf3 Kf7 58. Ke4 Ke7 59. Ke5 Kd7 60.
Kf6 Kd6 61. Kg7 e5 62. Kxh7 e4 63. g6 e3 64. g7 e2 65. g8=Q e1=Q 66. Qd8+ Kc6
67. Qc8+ Kd6 68. Qa6+ Ke7 69. Qa7+ Kf6 70. Qd4+ Qe5 71. Qb6+ Qe6 72. Qd8+ Qe7+
73. Qxe7+ Kxe7 74. Kg8 Ke6 75. Kf8 Kd5 76. Ke7 Kc4 77. Kd6 Kxc3 78. Kc5 Kb2 79.
Kxb5 Kxa2 80. Kc4 Kb2 81. b5 a2 82. b6 a1=Q 83. b7 Qa7 84. b8=Q+ Qxb8 0-1

[Event "PRO League Group Stage"]
[Site "chess.com INT"]
[Date "2020.02.17"]
[Round "7"]
[White "Anisimov, Pavel2"]
[Black "Movsesian, Sergei"]
[Result "0-1"]
[WhiteTitle "GM"]
[BlackTitle "GM"]
[WhiteElo "2527"]
[BlackElo "2641"]
[WhiteTeam "Russia Wizards"]
[BlackTeam "Israel Counsellors"]
[WhiteFideId "4135229"]
[BlackFideId "310204"]
[EventDate "2020.01.06"]

1. e4 c5 2. Ne2 d6 3. g3 d5 4. Bg2 dxe4 5. Bxe4 Nf6 6. Bg2 Qc7 7. d4 cxd4 8.
Nxd4 Bd7 9. Nc3 a6 10. O-O e5 11. Re1 Be7 12. Bg5 O-O 13. Nf3 Bg4 14. h3 Bxf3
15. Qxf3 Nc6 16. Bxf6 Bxf6 17. Nd5 Qd6 18. Nxf6+ Qxf6 19. Qxf6 gxf6 20. Rad1
Rfd8 21. Kf1 Kf8 22. Be4 h6 23. c3 Ke7 24. Ke2 Rac8 25. Bf5 Rc7 26. Rxd8 Nxd8
27. Rd1 Ne6 28. Kf3 b6 29. h4 a5 30. Rd2 Rc4 31. Bd3 Rc5 32. Be4 Ng7 33. Bd5 f5
34. Ke3 Ne8 35. b4 Rxc3+ 36. Ke2 axb4 37. Rb2 Nc7 38. Bg2 Rc4 39. Kd3 Rd4+ 40.
Ke3 Ne6 41. Rc2 Nc5 42. Ke2 f4 43. gxf4 Rxf4 44. h5 Rh4 45. Rb2 Na4 46. Rd2 Rxh5
47. Bc6 Nc5 48. Rd5 Rg5 49. Rd2 Rg6 50. Bf3 Rd6 51. Rc2 e4 52. Bg2 f5 53. f3
exf3+ 54. Bxf3 Kf6 55. Rc4 b3 56. axb3 Nxb3 57. Ke3 Nd2 58. Rh4 Nxf3 59. Kxf3
Kg5 60. Rc4 b5 61. Rc8 Rb6 62. Rg8+ Kf6 63. Ke3 b4 64. Kd2 b3 65. Kc1 h5 66. Rh8
Kg5 67. Kb2 h4 68. Rg8+ Rg6 69. Rh8 Rh6 70. Rg8+ Kf4 71. Rg1 h3 72. Rf1+ Ke4 73.
Re1+ Kf3 74. Rf1+ Kg2 75. Rxf5 h2 76. Rg5+ Kh3 0-1

[Event "PRO League Group Stage"]
[Site "chess.com INT"]
[Date "2020.02.17"]
[Round "7"]
[White "Gokerkan, Cem Kaan"]
[Black "Gledura, Benjamin"]
[Result "1-0"]
[WhiteTitle "IM"]
[BlackTitle "GM"]
[WhiteElo "2458"]
[BlackElo "2626"]
[WhiteTeam "Turkey Knights"]
[BlackTeam "Hungary Hunters"]
[WhiteFideId "6336760"]
[BlackFideId "712779"]
[EventDate "2020.01.06"]

1. e4 c5 2. Nf3 Nc6 3. c3 d5 4. exd5 Qxd5 5. d4 Nf6 6. Na3 e6 7. Nb5 Qd8 8. dxc5
Bxc5 9. Qxd8+ Kxd8 10. Bf4 Nd5 11. O-O-O Ke7 12. Bg3 a6 13. Nbd4 Nxd4 14. Nxd4
Bd7 15. Bc4 Nb6 16. Be2 Rhc8 17. Nb3 Ke8 18. Bf3 Bc6 19. Bxc6+ Rxc6 20. Na5 Rcc8
21. Nxb7 Nd5 22. Rhe1 Ne7 23. Re5 Bb4 24. Re4 a5 25. Kb1 Ra7 26. Rxb4 axb4 27.
Nd6+ Kd8 28. Nxf7+ Ke8 29. Nd6+ Kd8 30. Nxc8+ Kxc8 31. cxb4 Nd5 32. a3 Kd7 33.
Kc2 Kc6 34. Kb3 Rf7 35. Rc1+ Kb7 36. b5 g5 37. a4 h5 38. h4 gxh4 39. Bxh4 Rf4
40. Rc4 Rf5 41. Bg3 Kb6 42. Rc6+ Kb7 43. Rxe6 h4 44. Re5 1-0

[Event "PRO League Group Stage"]
[Site "chess.com INT"]
[Date "2020.02.17"]
[Round "7"]
[White "Dastan, Muhammed Batuhan"]
[Black "Banusz, Tamas"]
[Result "1/2-1/2"]
[WhiteTitle "GM"]
[BlackTitle "GM"]
[WhiteElo "2572"]
[BlackElo "2620"]
[WhiteTeam "Turkey Knights"]
[BlackTeam "Hungary Hunters"]
[WhiteFideId "6300014"]
[BlackFideId "722413"]
[EventDate "2020.01.06"]

1. e4 e5 2. Nf3 Nf6 3. d4 Nxe4 4. dxe5 d5 5. Nbd2 Qd7 6. Bd3 Nc5 7. O-O Nxd3 8.
cxd3 Be7 9. Re1 O-O 10. Nf1 c5 11. d4 Nc6 12. h3 b6 13. Ng3 Re8 14. Bf4 Bb7 15.
Qd2 cxd4 16. a3 Rac8 17. Rad1 a5 18. Nxd4 Nxd4 19. Qxd4 Qe6 20. Qd3 Rc4 21. Bd2
Bf8 22. Bc3 g6 23. b3 Rcc8 24. Bb2 d4 25. Qxd4 Rc2 26. Rd2 Bc5 27. Qf4 Rxd2 28.
Qxd2 Qxb3 29. Kh2 Qd5 30. Qxd5 Bxd5 31. Rd1 Bc6 32. f4 h5 33. Ne2 Ba4 34. Rd2
Bb5 35. Nd4 Bc4 36. Kg3 Rd8 37. Kf3 b5 38. g4 hxg4+ 39. hxg4 a4 40. Ke3 Rd5 41.
Ke4 Rd7 42. Rc2 Kf8 43. f5 Bd5+ 44. Kf4 Bc4 45. Ke4 gxf5+ 46. gxf5 f6 47. Rh2
fxe5 48. Ne6+ Bxe6 49. fxe6 Rd1 50. Rh7 Ke8 51. Kxe5 Bd6+ 52. Kf5 Rd2 53. Bf6
Rf2+ 54. Kg6 Rg2+ 55. Bg5 Bxa3 56. e7 Rxg5+ 57. Kxg5 Bxe7+ 58. Kf5 Kd7 59. Ke5
a3 60. Rh6 Kc7 61. Rh7 Kd7 62. Rh6 b4 63. Kd4 b3 64. Kc3 b2 65. Kc2 Bc5 66. Ra6
Kc7 67. Kb1 Kb7 68. Rg6 1/2-1/2

[Event "PRO League Group Stage"]
[Site "chess.com INT"]
[Date "2020.02.17"]
[Round "7"]
[White "Erdos, Viktor"]
[Black "Can, Emre"]
[Result "1-0"]
[WhiteTitle "GM"]
[BlackTitle "GM"]
[WhiteElo "2621"]
[BlackElo "2600"]
[WhiteTeam "Hungary Hunters"]
[BlackTeam "Turkey Knights"]
[WhiteFideId "719978"]
[BlackFideId "6302181"]
[EventDate "2020.01.06"]

1. Nf3 g6 2. e4 Bg7 3. d4 d6 4. c4 e5 5. Be2 Nc6 6. d5 Nce7 7. Nc3 h6 8. Nd2 Nf6
9. g4 h5 10. g5 Nd7 11. Nf3 a5 12. Be3 Nc5 13. Qc2 Bd7 14. O-O-O a4 15. Kb1 Nc8
16. Nd2 Nb6 17. Nb5 O-O 18. h4 Qb8 19. f3 c6 20. Nc3 Qa7 21. Nf1 Qb8 22. dxc6
Bxc6 23. Bxc5 dxc5 24. Ne3 Rd8 25. Rxd8+ Qxd8 26. Rd1 Qf8 27. a3 Nd7 28. Ned5
Kh8 29. Bf1 Qb8 30. Bh3 Nf8 31. Ne7 Be8 32. Nb5 Ra6 33. Nc8 Ne6 34. Bxe6 fxe6
35. Rd8 1-0

[Event "PRO League Group Stage"]
[Site "chess.com INT"]
[Date "2020.02.17"]
[Round "7"]
[White "Markus, Robert"]
[Black "Yilmaz, Mustafa"]
[Result "1-0"]
[WhiteTitle "GM"]
[BlackTitle "GM"]
[WhiteElo "2599"]
[BlackElo "2607"]
[WhiteTeam "Hungary Hunters"]
[BlackTeam "Turkey Knights"]
[WhiteFideId "921637"]
[BlackFideId "6302718"]
[EventDate "2020.01.06"]

1. Nf3 e6 2. g3 b5 3. e3 a6 4. a4 b4 5. Bg2 Bb7 6. O-O Nf6 7. c4 c5 8. b3 d5 9.
d3 Be7 10. Bb2 O-O 11. Nbd2 Nbd7 12. Qe2 a5 13. Rac1 Qb8 14. Rfd1 Rd8 15. Ne1
Nb6 16. e4 dxc4 17. dxc4 Nfd7 18. Nd3 e5 19. Nf1 f6 20. Ne3 Bd6 21. Qg4 Bf8 22.
Nd5 Bc8 23. Qe2 Bd6 24. Bh3 Qb7 25. Rc2 Nf8 26. Bxc8 Nxc8 27. Bc1 Ne6 28. Be3
Na7 29. Qg4 Qf7 30. Ne1 Nc6 31. Nf3 Ncd4 32. Bxd4 cxd4 33. Ne1 Nc5 34. Rb2 Rf8
35. Nd3 Kh8 36. Nxc5 Bxc5 37. Rd3 g6 38. Re2 f5 39. Qh4 Rae8 40. Kg2 Qg7 41. Rf3
Rf7 42. Rd3 Ref8 43. f3 g5 44. Qh5 g4 45. exf5 Rxf5 46. Qxg4 Rg5 47. Qe4 Bd6 48.
Rf2 Rh5 49. Kf1 Qh6 50. h4 Qc1+ 51. Kg2 Rg8 52. Nf6 Rh6 53. Nxg8 Kxg8 54. Re2
Rg6 55. Rdd2 Qc3 56. Rd3 Qc1 57. h5 Rf6 58. Qg4+ Kf8 59. c5 Qxc5 60. Rdd2 Qd5
61. Rc2 d3 62. Rc8+ Ke7 63. Rd2 Qxb3 64. Qe4 Qxa4 65. Qxh7+ Rf7 66. Qxd3 Qd7 67.
Ra8 Rg7 68. Ra7 Qxa7 69. Qxd6+ Kf7 70. Qxe5 Qe7 71. Qxa5 Kg8 72. Qd5+ Kh8 73.
Qd8+ Kh7 74. Qd3+ Kh6 75. g4 Kg5 76. Kh3 Qf6 77. Qe3+ 1-0

[Event "PRO League Group Stage"]
[Site "chess.com INT"]
[Date "2020.02.17"]
[Round "7"]
[White "Tica, Sven"]
[Black "Ding, Liren"]
[Result "0-1"]
[WhiteTitle "IM"]
[BlackTitle "GM"]
[WhiteElo "2398"]
[BlackElo "2805"]
[WhiteTeam "Croatia Bulldogs"]
[BlackTeam "China Pandas"]
[WhiteFideId "14526948"]
[BlackFideId "8603677"]
[EventDate "2020.01.06"]

1. d4 Nf6 2. Nf3 g6 3. Nbd2 d5 4. e3 Bg7 5. b4 a5 6. b5 c5 7. bxc6 Nxc6 8. Be2
O-O 9. O-O Bf5 10. Nh4 Be6 11. a4 Qc7 12. Ba3 Nb4 13. Qb1 Ne4 14. Bxb4 axb4 15.
Qxb4 Qxc2 16. Nhf3 Rfc8 17. Rfb1 Nc3 18. Bd1 Nxd1 19. Rxd1 Bf6 20. h3 Qc7 21.
Rdb1 Ra7 22. Nb3 b6 23. Rc1 Qb7 24. Rxc8+ Bxc8 25. a5 bxa5 26. Qxb7 Bxb7 27.
Rxa5 Rxa5 28. Nxa5 Ba6 29. Nc6 e6 30. g4 g5 31. Kg2 h6 32. Nce5 Bb5 33. Kg3 Be7
34. Nd2 f6 35. Nef3 Bd6+ 36. Kg2 Kf7 37. h4 Be2 38. hxg5 hxg5 39. Nf1 Bd3 40.
Ng3 Kg6 41. Ne1 Bb1 42. f3 f5 43. Kf2 f4 44. Ne2 Kf6 45. Nc3 Bg6 46. e4 Bb4 47.
e5+ Ke7 48. Ne2 Kd7 49. Ng2 Bf7 50. Ne1 Bg6 51. Ng2 Kc6 52. Ng1 Be7 53. Ne2 Kb5
54. Ke1 Kc4 55. Kd2 Bd3 56. Ne1 Bb4+ 57. Kd1 Bxe2+ 58. Kxe2 Bxe1 0-1